| 000 | 00551nam a2200181Ia 4500 | ||
|---|---|---|---|
| 003 | Ost | ||
| 005 | 20260507075701.0 | ||
| 008 | 260507s9999||||xx |||||||||||||| ||und|| | ||
| 040 | _cfsecg | ||
| 041 | _aara | ||
| 100 |
_aاحمد، عبد الرحمن يسري _eمؤلف |
||
| 245 | 0 |
_aاقتصاديات النقود و البنوك / _c عبد الرحمن يسري احمد |
|
| 260 |
_aالاسكندرية: _bالدار الجامعية, _c2003 |
||
| 300 | _a247 صفحة؛ | ||
| 653 | _aبنوك | ||
| 653 | _aنقود | ||
| 942 | _cكتاب | ||
| 999 |
_c45840 _d45840 |
||